The true joy of positive living : (Record no. 1012)

MARC details
000 -LEADER
fixed length control field 00794cam a2200265 a 4500
005 - DATE AND TIME OF LATEST TRANSACTION
control field 20260322212043.0
008 - FIXED-LENGTH DATA ELEMENTS--GENERAL INFORMATION
fixed length control field data
010 ## - LIBRARY OF CONGRESS CONTROL NUMBER
LC control number 84008966
020 ## - INTERNATIONAL STANDARD BOOK NUMBER
International Standard Book Number 0688039146
020 ## - INTERNATIONAL STANDARD BOOK NUMBER
International Standard Book Number 9780688039141
040 ## - CATALOGING SOURCE
Original cataloging agency DLC
Transcribing agency DLC
Modifying agency DLC
-- OCoLC
-- DLC
043 ## - GEOGRAPHIC AREA CODE
Geographic area code n-us---
050 00 - LIBRARY OF CONGRESS CALL NUMBER
Classification number BX9543.P4
Item number A37 1984
082 00 - DEWEY DECIMAL CLASSIFICATION NUMBER
Classification number B
-- B
Edition information 21
092 ## - LOCALLY ASSIGNED DEWEY CALL NUMBER (OCLC)
Classification number 285.7 A37 1984
001 - CONTROL NUMBER
control field data
100 1# - MAIN ENTRY--PERSONAL NAME
Personal name Peale, Norman Vincent,
Dates associated with a name 1898-1993.
245 14 - TITLE STATEMENT
Title The true joy of positive living :
Remainder of title an autobiography /
Statement of responsibility, etc. Norman Vincent Peale.
250 ## - EDITION STATEMENT
Edition statement 1st ed.
260 ## - PUBLICATION, DISTRIBUTION, ETC.
Place of publication, distribution, etc. New York :
Name of publisher, distributor, etc. Morrow,
Date of publication, distribution, etc. c1984.
300 ## - PHYSICAL DESCRIPTION
Extent 298 p. ;
Dimensions 25 cm.
600 10 - SUBJECT ADDED ENTRY--PERSONAL NAME
Personal name Peale, Norman Vincent,
Dates associated with a name 1898-1993.
610 20 - SUBJECT ADDED ENTRY--CORPORATE NAME
Corporate name or jurisdiction name as entry element Reformed Church in America
General subdivision Biography.
-- Biography.
650 #0 - SUBJECT ADDED ENTRY--TOPICAL TERM
Topical term or geographic name entry element Reformed Church
Geographic subdivision United States
General subdivision Biography.
-- Biography.
Holdings
Withdrawn status Lost status Damaged status Not for loan Home library Current library Shelving location Date acquired Total checkouts Full call number Barcode Date last seen Price effective from Koha item type
        Franklin Franklin General stacks 22/03/2026   285.7/092 B 21 BC0011045 22/03/2026 22/03/2026 Books